Caricamento...

Research and evaluation in education and psychology/

Dettagli Bibliografici
Autore principale: Mertens,Donna M.
Natura: Printed Book
Pubblicazione: London: Sage, 2015.
Edizione:4th ed.
Soggetti:
LEADER 00495 a2200133 4500
020 |a 9781452240275 
100 |a Mertens,Donna M. 
245 |a Research and evaluation in education and psychology/ 
250 |a 4th ed. 
260 |a London:  |b Sage,  |c 2015. 
300 |3 509p. 
650 |a Educational Research 
999 |c 187402  |d 187402 
952 |0 0  |1 0  |2 ddc  |4 0  |6 370_720000000000000_MER_R  |7 0  |9 206695  |a EDU  |b EDU  |c GEN  |d 2017-12-04  |e By purchase  |g 0.00  |i 7197  |l 1  |o 370.72 MER/R  |p EDU7197  |r 2019-11-27  |s 2019-11-20  |w 2017-12-04  |y BK